Trouve le Youtubeur - Statistiques

Statistiques générales
  • Ce quiz a été pris 3 755 fois
    3 643 depuis la dernière actualisation
  • Le résultat moyen est 11 sur 16
Statistiques - réponses
Par images Réponse % Correct
Cyprien
98%
Michou
97%
Squeezie
97%
Inoxtag
96%
Amixem
95%
Natoo
95%
Joyca
94%
Kevin tran
68%
Sora
64%
Laink et terracid
59%
JDG
56%
guizzi
54%
poisson fécond
49%
Henri tran
42%
Doc seven
19%
Mister jday
14%
Aucun quiz correspondant
Distribution des résultats
% des personnes avec chaque résultat
Percentile par nombre de réponses
Votre historique - résultats
Vous n’avez pas pris ce quiz depuis la dernière actualisation